| 000 | 00749nam a2200229Ia 4500 | ||
|---|---|---|---|
| 003 | GCL | ||
| 008 | 140319s9999 xx 000 0 ara d | ||
| 040 |
_aGCL / _cGCL |
||
| 082 | 0 | 4 |
_aد _b709.1538 _bد ح |
| 100 | 1 | _aدار الاثار الاسلامية | |
| 245 | 1 | 0 |
_aحديث الدار / _cدار الاثار الاسلامية |
| 260 |
_a[S.N] : _bدار الاثار الاسلامية ، _c1993 |
||
| 300 | _a56 ص | ||
| 490 |
_aمسرحيات شعرية للاطفال _v0 |
||
| 650 | 0 | 4 | _aالكويت |
| 650 | 0 | 4 | _aالاثار الاسلامية |
| 650 | 0 | 4 | _aالاثار |
| 650 | 0 | 4 | _aالفنون |
| 650 | 0 | 4 | _aالفنون الاسلامية |
| 650 | 0 | 4 | _aالكويت - الاثار الاسلامية |
| 942 |
_2ddc _cCF |
||
| 999 |
_c27038 _d27038 |
||